00507 2200205 4500001002100000005001500021035002000036007000300056008004100059020001800100082001100118084001700129100001700146245003600163260004500199650002200244856001700266990000900283990000900292INLIS00000000000023820220314072457 a0010-0322000036ta220314 g 0 ind  a9786020258850 a297.63 a297.63 ALI r0 aAli Abdullah1 aRasulullah SAW the Untold Story aJakarta :bGramedia Pustaka Utama,c2015 4aNabi Muhammad SAW aKoleksi Umum a4796 a4797